000 00694nam a22002057i 4500
999 _c23304
_d23304
003 AR-CdUCM
008 250528b20152015 pe||||| |||| 00| 0 spa d
020 _a978-612-4215-97-1
040 _aMUNICIPALIDAD PROVINCIAL DEL CUSCO
_cBIBLIOTECA MUNICIPAL DEL CUSCO
041 _hspa
082 _aEP / 807 / B95D
_bB95D
100 _aBustamante Quispe, Mario
_951181
245 _aDesenredos de Patas :
_bOjotín y Goyo /
260 _aCusco :
_bAutor-Editor
_c2015
300 _a64 páginas. :
_bIlustraciones
_c24x17 cm.
505 _aEl nacimiento -- El proceso-- El Killincha -- La llama de Almudena
856 _fwww.edicionesaltazor.com
942 _2ddc
_cLIBROS
945 _apbjr
_d28-05 2025